WWE Name That Current NXT Superstar - Statistics

General Stats
  • This quiz has been taken 24 times
  • The average score is 17 of 24
Answer Stats
Picture Answer % Correct
Lola Vice
95%
Tatum Paxley
95%
Zaria
91%
Lexis King
86%
Shawn Spears
86%
Tony D'Angelo
86%
Kelani Jordan
82%
Nikkita Lyons
77%
Izzi Dame
73%
Kendal Grey
73%
Myles Borne
73%
Noam Dar
73%
Charlie Dempsey
68%
Jaida Parker
68%
Thea Hail
68%
Wren Sinclair
68%
Jackson Drake
64%
Tank Ledger
64%
Brad Baylor
59%
Hank Walker
59%
Josh Briggs
59%
Dion Lennox
55%
Keanu Carver
55%
Ricky Smokes
45%
No matching quizzes found
Score Distribution
Percent of People with Each Score
Percentile by Number Answered
Your Score History
You have not taken this quiz